000 00469nam a2200181Ia 4500
001 1931
005 20260306143805.0
008 260306t2007||||xx |||||||||||||| ||spa||
041 _aESP
082 _a158.1
_bS26
100 _aSartorius, Fernando
_eAUT
245 0 _aTu entrenador personal:
_bun método eficaz para estar a gusto con tu cuerpo
260 _c2007
300 _a316 páginas :
_c23 cm.
650 _aGEN
654 _aCPS
942 _cLIB
_dJUS
_fJUS
_2ddc
_n
999 _c1931
_d1931